01202aam a2200205 a 4500003001000000005001700010008003900027015001200066020002200078040003500100044001300135080001900148100004500167245004400212260004400256300002000300520062300320650003200943655002100975AR-RoUNCS20251219105746.0141015s2012 ag gr 001 p spa aAR-2012 a978-987-1586-30-1 aAR-BaBNbspacAR-Ro-UNCSeaacr aagcar-c1 a82-1(82)220161 aIriarte, Fabián O.,d1963-eautor4aut14aLas confesiones /cFabián O. Iriarte. aBuenos Aires :bHuesos de Jibia,c2012. a91 p. ;c20 cm.3 aLa voz elegíaca y sentimental de Irirarte acude a las formas taxonómicas de la teoría, o por lo menos tiene conciencia de ellas, pero no con el fin de acatar sus normas, sino para enunciar a partir de su devastación y construir una ley propia. Toda poesía, aun aquella que quiera desligarse del yo, no deja de tener un carácter autofiográfico, nos viene a decir Iriarte. A partir de esta hipótesis el autor enuncia. Pero a diferencia de una concepción que se afinca devotamente en la lírica confesional, el autor adopta este discurso percatándose de su naturaleza artificiosa. (Carlos Battilana). 72embneaLiteratura argentina 72embneaPoesías